Statistics for All Corpse Party Characters

Click here to take the quiz!

General Stats

  • This quiz has been taken 111 times
    (110 since last reset)
  • The average score is 25 of 39

Answer Stats

Occupation/SchoolHelpful HintsName% Correct
Kisaragi AcademyHangs her best friend while absorbed by darkness.Naomi Nakashima
100%
Kisaragi AcademyGets hanged by her best friend who she is in love with.Seiko Shinohara
96%
Kisaragi AcademyLoves her older brother. She acts much younger than her age.Yuka Mochida
91%
Kisaragi AcademyThe class 2-9 representative. She loves rituals and carries candles.Ayumi Shinozaki
90%
Kisaragi AcademyDotes on his little sister. Many of the girls have a crush on him.Satoshi Mochida
90%
Heavenly Host ElementaryThe girl in the red dress.Sachiko Shinozaki
88%
Kisaragi AcademyGets pulverized against a wall by the three ghosts.Mayu Suzumoto
87%
Kisaragi AcademyTeacher of Class 2-9. Falls to her death saving two students.Miss Yui Shishido
81%
Kisaragi AcademyThe 'bad boy' of the class. He in love with the class representative.Yoshiki Kishinuma
81%
Kisaragi AcademyGoes crazy and takes pictures of dead bodies.Morishige Sakutarou
79%
Heavenly Host ElementaryThe girl who lost her eye in the kidnapping.Yuki Kanno
75%
Paulownia AcademyThe one who put the Sachiko Charm on the internet.Naho Saenoki
74%
Byakudan Senior High SchoolA disturbed boy who chases a young girl and kills many of his classmates.Yuuya Kizami
69%
Heavenly Host ElementaryThe only boy kidnapped in the incident at Heavenly hostRyou Yoshizawa
62%
Heavenly Host ElementaryThe man with the hammer.Yoshikazu Yanagihori
62%
Heavenly Host ElementaryThe mother of the girl in the red dress.Yoshie Shinozaki
60%
Kisaragi AcademyThe sister of the 2-9 class representativeHinoe Shinozaki
59%
Musashigawa Girls' SchoolDies when her tongue is ripped out and she slowly suffocates. Middle-schooler.Nana Ogasawara
59%
Kisaragi AcademyBest friend of the above character.Satsuki Mizuhara
59%
Paulownia AcademyThe best friend of the girl above. Hammered to death.Sayaka Ooue
59%
Heavenly Host ElementaryThe girl who lost her entire head in the kidnapping.Tokiko Tsuji
59%
Kisaragi AcademyThe old love interest of the class teacher.Tsukasa Mikuni
57%
Byakudan Senior High SchoolThe girl who thought of doing the charmEmi Urabe
56%
Paranormal NovelistThe mentor of the one who put the charm up.Kou Kibiki
56%
Byakudan Senior High SchoolThe 'bad boy' of Byakudan. He has red hair.Kai Shimada
54%
Byakudan Senior High SchoolThe best friend of the crazy one.Kensuke Kurosaki
54%
Byakudan Senior High SchoolThe girl who loves the one above.Tohko Kirisaki
53%
Paulownia AcademyIs hated by the one who put the charm up.Aiko Niwa
51%
St. Cruz Girls' High SchoolIntroduced in 2U. Has divine powers.Azusa Takai
51%
Musashigawa Girls' SchoolDies after being strapped to a chair and doused in boiling oil.Nari Amatoya
51%
St. Cruz Girls' High SchoolThe wife of the girl above. Slightly immature.Ran Kobayashi
51%
CameramanThe assistant of the Paranormal NovelistShougo Taguchi
51%
Heavenly Host ElementaryThe principal of Heavenly Host. The hammer man is his son.Takamine Yanagihori
51%
Musashigawa Girls' SchoolIn Ex. Chap. 1 you must retrieve her pouch. Dissected and thrown into a bucket.Chihaya Yamase
50%
Byakudan Senior High SchoolThe president of Byakudan's Student Council. Friends with the above.Masato Fukuroi
50%
Byakudan Senior High SchoolThe secretary of Byakudan's Student CouncilMitsuki Yamamoto
50%
Paulownia AcademyIs infatuated with the girl above.Haruyuki Inumaru
49%
Byakudan Senior High SchoolThe one that gets his leg caught in a bear trap.Ryosuke Katayama
47%
Byakudan Senior High SchoolThe best friend of the one that got his leg caught in a bear trap.Tomohiro Ohkawa
38%

Score Distribution

Percentile by Number Answered

Percent of People with Each Score

Your Score History

You have not taken this quiz since the last reset